|
|
|
|
| LEADER |
00000nam0a2200000 4500 |
| 001 |
350768 |
| 005 |
20231102010333.0 |
| 035 |
|
|
|a (RuTPU)RU\TPU\retro\5049
|
| 090 |
|
|
|a 350768
|
| 100 |
|
|
|a 20190227d1924 k y0rusy50 ca
|
| 101 |
1 |
|
|a rus
|c fre
|
| 102 |
|
|
|a RU
|
| 105 |
|
|
|a a z 000zy
|
| 200 |
1 |
|
|a Атомы
|e пер. с фр.
|f Ж. Б. Перрен
|
| 210 |
|
|
|a Москва
|c Государственное изд-во
|d [1924]
|
| 215 |
|
|
|a 254 с.
|c ил.
|
| 225 |
1 |
|
|a Современные проблемы естествознания
|h Кн. 20
|
| 317 |
|
|
|5 63413507: КР-6119
|a Поступил в НТБ в 1987 г. в дар от вдовы ученого Е. К. Завадовской
|
| 606 |
1 |
|
|a Атомы
|2 stltpush
|3 (RuTPU)RU\TPU\subj\29791
|9 53053
|
| 610 |
1 |
|
|a атомная физика
|
| 610 |
1 |
|
|a молекулы
|
| 610 |
1 |
|
|a гипотеза Авогардо
|
| 610 |
1 |
|
|a структура
|
| 610 |
1 |
|
|a растворы
|
| 610 |
1 |
|
|a молекулярные размеры
|
| 610 |
1 |
|
|a тонкие пленки
|
| 610 |
1 |
|
|a движение
|
| 610 |
1 |
|
|a скорость
|
| 610 |
1 |
|
|a колебательное движение
|
| 610 |
1 |
|
|a вращение
|
| 610 |
1 |
|
|a броуновское движение
|
| 610 |
1 |
|
|a эмульсии
|
| 610 |
1 |
|
|a история
|
| 610 |
1 |
|
|a вязкость
|
| 610 |
1 |
|
|a статистическое равновесие
|
| 610 |
1 |
|
|a теория Эйнштейна
|
| 610 |
1 |
|
|a флуктуации
|
| 610 |
1 |
|
|a теория Смолуховского
|
| 610 |
1 |
|
|a свет
|
| 610 |
1 |
|
|a кванты
|
| 610 |
1 |
|
|a электричество
|
| 610 |
1 |
|
|a превращение
|
| 610 |
1 |
|
|a ионизация
|
| 610 |
1 |
|
|a радиоактивность
|
| 610 |
1 |
|
|a библиотека А. А. Воробьева
|
| 610 |
1 |
|
|a дары библиотеке
|
| 675 |
|
|
|a 539.183
|v 4
|
| 700 |
|
1 |
|a Перрен
|b Ж. Б.
|c французский физик
|c Нобелевский лауреат
|f 1870-1942
|g Жан Батист
|2 stltpush
|3 (RuTPU)RU\TPU\pers\20917
|9 8603
|
| 801 |
|
1 |
|a RU
|b 63413507
|c 20190227
|
| 801 |
|
2 |
|a RU
|b 63413507
|c 20200312
|g RCR
|
| 942 |
|
|
|c BK
|